000
00312 a2200109 4500
001
ART_11620
005
20260410161858.0
008
260409a
245
1
0
_a
Optimal Taxation
100
1
_a
Sandmo, Agnar
773
0
_t
Journal of public economics
_g
- Vol. 6, NÂș 1/2 (jul./ago. 1976)
_w
REV11485
999
_c
25674
_d
25674